Európsky dvor audítorov výročné správy za rozpočtový rok 2010 - informatívna správa

Gespeichert in:
Bibliographische Detailangaben
Körperschaft: European Court of Auditors
Format: Buch
Sprache:Slowakisch
Veröffentlicht: Luxembourg Úrad pre publikácie Európskej únie 2010
Schlagworte:
Tags: Tag hinzufügen
Keine Tags, Fügen Sie das erste Tag hinzu!

MARC

LEADER 00000nam a2200000 4500
001 0147467
005 20221108071225.4
020 |a 978-92-9237-347-4 
041 0 |a slo 
044 |a LU 
245 1 0 |a Európsky dvor audítorov  |b výročné správy za rozpočtový rok 2010 - informatívna správa 
264 1 |a Luxembourg  |b Úrad pre publikácie Európskej únie  |c 2010 
300 |a 36 s. 
610 2 0 |a rozpočty 
610 2 0 |a závierka účtovná 
610 2 0 |a kontrola 
610 2 0 |a príjmy 
610 2 0 |a výdavky 
610 2 0 |a poľnohospodárstvo 
610 2 0 |a energetika 
610 2 0 |a pomoc rozvojová 
610 2 0 |a výskum 
610 2 0 |a fondy Európskej únie 
610 2 0 |a informácie 
610 2 0 |a audítori 
610 2 0 |a Európska únia 
710 2 |a European Court of Auditors